000 00905nam a22003257a 4500
001 0060043
003 KOHA_MİRAKIL
005 20260207004249.0
007 ta
008 170316b2011 tu |||gr||||#||||0|tur |
020 _a9786058758810
040 _aTR-BiSEU
_btur
_cTR-BiSEU
_erda
041 0 _atur
044 _ctu
050 _aTK5105.8885.W66
_bA77 2011
100 1 _aArslan, Ali.
245 1 _aWordpress/
_cAli Arslan ; Ali Arslan.
264 1 _aİstanbul :
_bDikeyeksen
_c2011
300 _a263 sayfa: resimli; 23 cm.
336 _ametin
_btxt
_2rdacontent
337 _aaracısız
_bn
_2rdamedia
338 _acilt
_bnc
_2rdacarrier
490 1 _aDikeyeksen ;
_v12.
650 0 _aBlogs.
_9111052
650 0 _aElectronic journals.
_9111053
650 0 _aBlogs--Design.
_9111054
650 0 _aBlogs--Management
_9111055
830 1 _aDikeyeksen ;
_v12.
_991433
942 _2lcc
_cBK
999 _c59847
_d59847